| 000 | 00446nam a2200145Ia 4500 | ||
|---|---|---|---|
| 008 | 231129s2011||||xx |||||||||||||| ||spa|| | ||
| 020 | _a978-958-59735-0-3 | ||
| 040 | _bspá | ||
| 082 | _aDVD 01 HT-01 | ||
| 100 | _aRodríguez Marta. | ||
| 245 | 0 | _aTestigos de un etnocidio [Videograbación]: Memorias de resistencia | |
| 260 | _c2011 | ||
| 264 | _aColombia : Fundación Cine Documental | ||
| 942 |
_2ddc _cBKS |
||
| 999 |
_c25318 _d25318 |
||